Attack of the… Vampires!!! - Sudden Death - Statistics

General Stats
  • This quiz has been taken 71 times
  • The average score is 10 of 16
Answers on the Grid
Answers color-coded by a green-red scale on the quiz's grid according to % correct below.
30 Days of Night
Angel
Azrael
Blade
Blood Quantum
Buffy the Vampire Slayer
Castlevania
Dexter
Dracula
From Dusk Till Dawn
Ginger Snaps
Jeepers Creepers
Kiss Kiss Bang Bang
Let the Right One In
Moonlight
Nosferatu
Remains of the Day
Salem’s Lot
Serpico
The Grey
The Hudsucker Proxy
The Lost Boys
The Revanant
True Blood
Twilight
Underworld
V for Vendetta
Valkyrie
Van Helsing
What We Do in the Shadows
 
Answer Stats
Answer % Correct
Dracula
92%
Buffy the Vampire Slayer
87%
Nosferatu
85%
Twilight
80%
Blade
75%
Van Helsing
74%
From Dusk Till Dawn
64%
Castlevania
61%
The Lost Boys
56%
True Blood
56%
30 Days of Night
54%
What We Do in the Shadows
52%
Underworld
51%
Let the Right One In
44%
Angel
43%
Salem’s Lot
38%
No matching quizzes found
Score Distribution
Percent of People with Each Score
Percentile by Number Answered
Your Score History
You have not taken this quiz